Herr der Ringe Trivia #1 - Statistiken

Allgemein
  • Dieses Quiz wurde 1.102 mal gespielt
  • Das Durchschnittsergebnis liegt bei 19 aus 25
Antwortstatistiken
Hint Antwort % Korrekt
Wer wird am Ende der Trilogie König von Gondor? Aragorn
93%
Wie heißt Boromirs Bruder? Faramir
92%
Wer sagte "Du kannst nicht vorbei!"? Gandalf
91%
In welcher Welt spielt die Handlung von der Herr der Ringe? Mittelerde
91%
Wie lautet Gollums eigentlicher Name? Smeagol
90%
Welcher der Hobbit stellt sich in den Dienst Gondors? Pippin
89%
Welche Form hat Sauron eingenommen um über sein Reich zuwachen? Auge
87%
Wie viele Ringe der Macht gab es ursprünglich? 20
84%
Was für ein Wesen ist das Ungeheuer welches Gandalf in Moria von der Brücke reißt? Balrog
84%
Wer versucht in Bruchtal den Ring eigenständig zu zerstören? Gimli
84%
Wer sagt "eine rote Sonne geht auf, heute Nacht ist Blut vergossen worden"? Legolas
84%
Welches Land ist die Heimat der Rohirrim? Rohan
83%
Was bedeutet das elbische Wort "Mellon"? Freund
82%
Wie heißt Arwens Vater? Elrond
81%
Wie werden die schwarzen Reiter noch genannt? Nazgul
79%
Welchen Beinamen trägt Grima? Schlangenzunge
79%
Wie werden Hobbits noch genannt? Halblinge
78%
Wer schnitt den Ring von Saurons Hand? Isildur
74%
Welches Geschenk gab Galadriel an Gimli bei der Abreise aus Lothlorien? Haare
68%
Wie heißt Gimlis Vater? Gloin
65%
Wie heißt die Riesenspinne die am Pass von Cirith Ungol lebt? Kankra
65%
Wie heißt die Festung Saurons in Mordor? Barad Dur
49%
Wie nennt man die Sprache Mordors? Schwarze Sprache
49%
Wie heißt die große Stadt der Zwerge welche sich in den Minen von Moria befindet? Khazad Dum
36%
Wie nennt man die fliegenden Wesen, auf denen sie reiten? Fellbestien
12%
Keine übereinstimmenden Quizze gefunden
Verteilung der Resultate
Anzahl Personen mit jedem Resultat
Perzentil nach korrekt beantworteten Fragen
Ihre Resultats-Entwicklung
Sie haben dieses Quiz noch nicht gespielt